| 000 | 00600nam a22001937a 4500 | ||
|---|---|---|---|
| 003 | OSt | ||
| 005 | 20221101141555.0 | ||
| 008 | 221101b |||||||| |||| 00| 0 eng d | ||
| 020 | _a9781139207799 | ||
| 100 |
_aKleinberg, Samantha _eAuthor |
||
| 245 |
_aCausality, probability, and time _cby Samantha Kleinberg |
||
| 260 |
_bCambridge university press _c2012 |
||
| 653 | _aPhilosophy of Science | ||
| 653 | _aComputer Science | ||
| 653 | _aPhilosophy | ||
| 653 | _aArtificial Intelligence and Natural Language Processing | ||
| 856 | _uhttps://doi.org/10.1017/CBO9781139207799 | ||
| 942 |
_2ddc _cEB |
||
| 999 |
_c25652 _d25652 |
||